COMPETENCY EXAM PREP AND REVIEW FOR NURSING ASSISTANTS (Record no. 530914)

MARC details
000 -LEADER
fixed length control field 00401pam a2200157a 44500
008 - FIXED-LENGTH DATA ELEMENTS--GENERAL INFORMATION
fixed length control field 230515b2012 xxu||||| |||| 00| 0 eng d
020 ## - INTERNATIONAL STANDARD BOOK NUMBER
International Standard Book Number NULL
041 ## - LANGUAGE CODE
Language code of text/sound track or separate title ENGLISH
082 ## - DEWEY DECIMAL CLASSIFICATION NUMBER
Classification number 610.73
100 ## - MAIN ENTRY--PERSONAL NAME
Personal name BARBARA ACELLO&BABARAKAST
245 ## - TITLE STATEMENT
Title COMPETENCY EXAM PREP AND REVIEW FOR NURSING ASSISTANTS
250 ## - EDITION STATEMENT
Edition statement 2000
260 ## - PUBLICATION, DISTRIBUTION, ETC.
Place of publication, distribution, etc.
Name of publisher, distributor, etc. DELMAR THOMSON LEARNING
Date of publication, distribution, etc. 2012
300 ## - PHYSICAL DESCRIPTION
Extent 368
650 ## - SUBJECT ADDED ENTRY--TOPICAL TERM
Topical term or geographic name entry element NULL
Holdings
Withdrawn status Lost status Damaged status Not for loan Home library Current library Shelving location Date acquired Source of acquisition Cost, normal purchase price Total Checkouts Full call number Barcode Date last seen Date last checked out Price effective from Koha item type
        College of Nursing, Pune College of Nursing, Pune   05/10/2012 VISHAL BOOK DEPOT 5147.42 1 610.73 NCP-PB-827 30/06/2026 30/06/2026 28/06/2023 Reference Books